[Event "Wch U14"]
[Site "Chalkidiki"]
[Date "2003.10.23"]
[EventDate "2003.??.??"]
[Round "11"]
[Result "0-1"]
[White "Wang Hao"]
[Black "Maxime Vachier-Lagrave"]
[WhiteElo "2658"]
[BlackElo "2637"]
[PlyCount "106"]

1. e4 c5 2. Nf3 Nc6 3. Bb5 e6 4. O-O Nge7 5. Re1 a6 6. Bxc6
Nxc6 7. d4 cxd4 8. Nxd4 Qc7 9. Nc3 Bd6 10. Nxc6 dxc6 11. Qh5
e5 12. a4 Be6 13. b3 O-O-O 14. Bb2 Bb4 15. Red1 Rxd1+ 16. Nxd1
f6 17. Ne3 Bc5 18. Re1 Qf7 19. Qf3 Rd8 20. Bc3 Qf8 21. Nf5 Rd7
22. Rd1 Rxd1+ 23. Qxd1 Bxf5 24. exf5 Bxf2+ 25. Kf1 Bb6 26. a5
Bc5 27. Qh5 h6 28. Qg4 Qf7 29. Ke2 Kd8 30. h4 Ke8 31. h5 Kf8
32. Bd2 Qd5 33. c4 Qd6 34. Qe4 Bb4 35. Bxb4 Qxb4 36. Qd3 Ke8
37. Qg3 Kf8 38. Qd3 Qxa5 39. Qd6+ Kg8 40. Qb8+ Kh7 41. Qxb7
Qa2+ 42. Kf3 Qc2 43. Qxc6 Qxb3+ 44. Kg4 a5 45. c5 a4 46. Qb6
Qc4+ 47. Kh3 a3 48. Qa5 a2 49. c6 e4 50. c7 e3 51. Kg3 Qc2
52. Kf3 Qf2+ 53. Kg4 e2 0-1

[Event "Wch U14"]
[Site "Halkidiki GRE"]
[Date "2003.10.27"]
[EventDate "2003.10.27"]
[Round "5.3"]
[Result "1-0"]
[White "Wang Hao"]
[Black "Magnus Carlsen"]
[WhiteElo "2215"]
[BlackElo "2450"]
[PlyCount "79"]

1. e4 c5 2. Nf3 Nc6 3. Bb5 g6 4. Bxc6 dxc6 5. d3 Bg7 6. h3 Nf6
7. Nc3 Nd7 8. Be3 e5 9. Qd2 h6 10. O-O Qe7 11. a3 Nf8 12. b4
Ne6 13. bxc5 f5 14. exf5 gxf5 15. Qe1 O-O 16. d4 e4 17. Ne5 f4
18. Ng6 Qf7 19. Nxf8 Kxf8 20. f3 Kg8 21. fxe4 Qg6 22. Rd1 fxe3
23. Qxe3 Bd7 24. Kh1 Re8 25. e5 Ng5 26. Qd3 Qh5 27. Ne2 Be6
28. Ng3 Qh4 29. Qe3 Nf7 30. Rf4 Qg5 31. Ne4 Qg6 32. Rdf1 h5
33. R1f3 Qh6 34. Rg3 Kh8 35. Qf2 Nxe5 36. dxe5 Bxe5 37. Rg5
Bxf4 38. Qxf4 Bd5 39. Nf6 Bxg2+ 40. Kh2 1-0

[Event "36th Olympiad"]
[Site "Calvia ESP"]
[Date "2004.10.20"]
[EventDate "2004.10.15"]
[Round "6"]
[Result "1-0"]
[White "Gennadi Timoshchenko"]
[Black "Wang Hao"]
[WhiteElo "2504"]
[BlackElo "2456"]
[PlyCount "109"]

1. d4 d5 2. c4 c6 3. Nf3 Nf6 4. Nc3 dxc4 5. a4 Bf5 6. Ne5 Nbd7
7. Nxc4 Qc7 8. g3 e5 9. dxe5 Nxe5 10. Bf4 Nfd7 11. Bg2 g5
12. Ne3 gxf4 13. Nxf5 O-O-O 14. Qc2 Nc5 15. O-O Ne6 16. Qe4
fxg3 17. hxg3 a5 18. Rad1 Bc5 19. Rxd8+ Rxd8 20. Rd1 Ng6
21. e3 Rxd1+ 22. Nxd1 Qe5 23. Kf1 Bb4 24. Qxe5 Nxe5 25. Be4
Kd7 26. Ke2 Bf8 27. b3 Nc5 28. Bc2 h5 29. f4 Ng4 30. Nc3 Nh6
31. Nxh6 Bxh6 32. Ne4 Nxe4 33. Bxe4 Ke6 34. Bf3 h4 35. gxh4 f5
36. Kd3 Bf8 37. Kc4 Be7 38. h5 Bf8 39. Bg2 Kf7 40. Bh3 Kf6
41. Kd4 Ba3 42. h6 Bb2+ 43. Kc4 Bc1 44. h7 Kg7 45. Kd3 Kxh7
46. Bxf5+ Kg7 47. Bc8 b5 48. Bb7 bxa4 49. bxa4 c5 50. Bd5 Kf6
51. Ke4 c4 52. Bxc4 Ke7 53. Kf3 Kd6 54. e4 Kc5 55. Bb5 1-0

[Event "Aeroflot Open B"]
[Site "Moscow RUS"]
[Date "2005.02.15"]
[EventDate "2005.02.15"]
[Round "1"]
[Result "1-0"]
[White "Wang Hao"]
[Black "Viacheslav Ikonnikov"]
[WhiteElo "2457"]
[BlackElo "2541"]
[PlyCount "73"]

1. e4 c5 2. Nf3 Nc6 3. Nc3 e5 4. Bc4 Be7 5. d3 Nf6 6. Ng5 O-O
7. f4 exf4 8. Bxf4 d6 9. O-O Bg4 10. Qd2 Bh5 11. a4 Bg6
12. Nf3 Nd7 13. Nd5 Nb6 14. Nxe7+ Qxe7 15. Bb3 a5 16. Qf2 Qd7
17. Be3 Rae8 18. h3 Nc8 19. Qg3 b6 20. Nh4 N8e7 21. Qg5 Kh8
22. Rf4 Ne5 23. Nxg6+ N7xg6 24. Rf2 f6 25. Qh5 Nc6 26. Raf1
Re5 27. Rf5 Nd4 28. Bxd4 cxd4 29. Qg4 Rd8 30. Qg3 b5 31. Qf2
bxa4 32. Rxf6 Qc8 33. Ba2 Rc5 34. Be6 Qb8 35. Rxg6 hxg6 36. g4
g5 37. Qf7 1-0

[Event "Aeroflot Open B"]
[Site "Moscow RUS"]
[Date "2005.02.17"]
[EventDate "2005.02.15"]
[Round "3"]
[Result "1/2-1/2"]
[White "Wang Hao"]
[Black "Ildar Khairullin"]
[WhiteElo "2457"]
[BlackElo "2507"]
[PlyCount "55"]

1. e4 c5 2. Nf3 Nc6 3. Bb5 e6 4. O-O Nge7 5. c3 d5 6. exd5
Qxd5 7. d4 cxd4 8. c4 Qd6 9. Qxd4 Qxd4 10. Nxd4 Bd7 11. Rd1
O-O-O 12. Nc3 Nxd4 13. Rxd4 Nf5 14. Rxd7 Rxd7 15. g4 Nd6
16. Bxd7+ Kxd7 17. b3 h5 18. h3 hxg4 19. hxg4 Rh4 20. f3 f5
21. c5 Nf7 22. Ba3 Kc6 23. gxf5 exf5 24. b4 Rc4 25. b5+ Kd7
26. c6+ bxc6 27. Bxf8 Rxc3 28. Re1 1/2-1/2

[Event "Aeroflot Open B"]
[Site "Moscow RUS"]
[Date "2005.02.18"]
[EventDate "2005.02.15"]
[Round "4"]
[Result "0-1"]
[White "Zhao Xue"]
[Black "Wang Hao"]
[WhiteElo "2502"]
[BlackElo "2457"]
[PlyCount "60"]

1. d4 e6 2. c4 Nf6 3. Nf3 b6 4. Bg5 Bb7 5. Nc3 h6 6. Bh4 g5
7. Bg3 Nh5 8. Qc2 d6 9. d5 Qe7 10. e3 Bg7 11. Be2 Nd7 12. Nd4
Nxg3 13. hxg3 O-O-O 14. O-O-O Kb8 15. Rhe1 h5 16. b4 Bxd4
17. exd4 g4 18. Kb2 Qf6 19. f3 gxf3 20. Bxf3 e5 21. Qa4 exd4
22. Nb5 d3+ 23. Kb3 a6 24. Nc3 Ne5 25. Rxe5 Qxe5 26. Rxd3 Rhg8
27. Ne2 Rde8 28. Nd4 Rxg3 29. Qd7 Qe1 30. Qxf7 Re3 0-1

[Event "Aeroflot Open B"]
[Site "Moscow RUS"]
[Date "2005.02.19"]
[EventDate "2005.02.15"]
[Round "5"]
[Result "1/2-1/2"]
[White "Wang Hao"]
[Black "Sergej Dyachkov"]
[WhiteElo "2457"]
[BlackElo "2549"]
[PlyCount "27"]

1. e4 e6 2. d4 d5 3. e5 c5 4. c3 Ne7 5. Nf3 cxd4 6. cxd4 Nf5
7. a3 Be7 8. Nc3 Nc6 9. Bd3 g5 10. Be3 g4 11. Bxf5 gxf3
12. Bc2 fxg2 13. Rg1 Qb6 14. Na4 1/2-1/2

[Event "Aeroflot Open B"]
[Site "Moscow RUS"]
[Date "2005.02.22"]
[EventDate "2005.02.15"]
[Round "8"]
[Result "0-1"]
[White "Leonid Nikolayevich Yurtaev"]
[Black "Wang Hao"]
[WhiteElo "2511"]
[BlackElo "2457"]
[PlyCount "72"]

1. e4 e6 2. d3 d5 3. Nd2 c5 4. Ngf3 Nc6 5. g3 Nf6 6. Bg2 Be7
7. O-O O-O 8. Re1 Qc7 9. Qe2 b5 10. c3 b4 11. exd5 Nxd5 12. c4
Nf6 13. Nb3 Bb7 14. Be3 Nd7 15. Rad1 e5 16. Ng5 Bxg5 17. Bxg5
Nd4 18. Nxd4 cxd4 19. Bxb7 Qxb7 20. g4 f6 21. Bd2 a5 22. Bc1
Nc5 23. f3 Rae8 24. Qg2 h6 25. h3 Kh8 26. Re2 b3 27. a3 Qf7
28. Qf1 f5 29. g5 hxg5 30. Bxg5 e4 31. fxe4 Qh5 32. Qg2 fxe4
33. dxe4 d3 34. Ree1 Nxe4 35. h4 Rf3 36. Kh2 Rf2 0-1

[Event "Aeroflot Open B"]
[Site "Moscow RUS"]
[Date "2005.02.23"]
[EventDate "2005.02.15"]
[Round "9"]
[Result "1/2-1/2"]
[White "Wang Hao"]
[Black "Lev Psakhis"]
[WhiteElo "2457"]
[BlackElo "2545"]
[PlyCount "97"]

1. e4 c5 2. Nf3 e6 3. d4 cxd4 4. Nxd4 a6 5. Nc3 d6 6. Be3 b5
7. Qd2 Bb7 8. f3 Nd7 9. O-O-O Ngf6 10. g4 Nb6 11. Qf2 Nfd7
12. Bd3 Rc8 13. Nce2 Na4 14. Kb1 Ndc5 15. Bc1 Be7 16. b3 Nxd3
17. cxd3 Nc5 18. Bb2 b4 19. Ng3 a5 20. Nde2 a4 21. d4 Nd7
22. d5 axb3 23. axb3 O-O 24. Nf4 Nc5 25. e5 Bg5 26. Ngh5 Bxf4
27. Nxf4 Qg5 28. Rhe1 Nxb3 29. Qe3 dxe5 30. Bxe5 Na5 31. h4
Qe7 32. Bxg7 Kxg7 33. d6 Qd8 34. Qe5+ Kg8 35. Nh5 f6 36. Qxe6+
Rf7 37. d7 Ra8 38. Qe8+ Rf8 39. Re7 Rxe8 40. Nxf6+ Kf8
41. Rxe8+ Qxe8 42. dxe8=Q+ Rxe8 43. Nxe8 Kxe8 44. f4 Bf3
45. Re1+ Kf7 46. g5 Nc4 47. Kc2 Nd6 48. Re5 Bg4 49. Kb3
1/2-1/2

[Event "7th Dubai Open"]
[Site "Dubai UAE"]
[Date "2005.04.05"]
[EventDate "2005.04.04"]
[Round "2"]
[Result "1/2-1/2"]
[White "Wang Hao"]
[Black "Evgenij Miroshnichenko"]
[WhiteElo "2484"]
[BlackElo "2628"]
[PlyCount "236"]

1. e4 c5 2. Nf3 d6 3. d4 Nf6 4. dxc5 Nxe4 5. cxd6 Nc6 6. dxe7
Qxd1+ 7. Kxd1 Bxe7 8. Be3 Bg4 9. Nbd2 O-O-O 10. Kc1 Nf6
11. Bb5 Bh5 12. Bxc6 bxc6 13. Nd4 Kc7 14. Nf5 Bf8 15. Nc4 Nd5
16. Re1 Bg6 17. Nh4 Nxe3 18. Nxe3 Bc5 19. c3 Be4 20. b4 Be7
21. Nf3 Bf6 22. Kb2 Bxf3 23. gxf3 Rd2+ 24. Kb3 h5 25. Rf1 Rhd8
26. Rad1 R8d3 27. Rxd2 Rxd2 28. a4 g6 29. b5 Bh4 30. Nc4 Re2
31. Rd1 Rxf2 32. bxc6 Re2 33. Rd7+ Kxc6 34. Rxf7 Rxh2 35. Ne5+
Kd6 36. Nxg6 Bf2 37. f4 h4 38. f5 h3 39. Rh7 Bc5 40. Kc4 Rf2
41. Rh6 Ba3 42. Nf4+ Kd7 43. Nxh3 Rxf5 44. Rh4 Bd6 45. Kb3 Kc6
46. Rg4 Rf8 47. Rc4+ Kb6 48. Ng5 Rf1 49. Ne4 Be7 50. Nd2 Rh1
51. Re4 Bc5 52. Re6+ Kc7 53. Kc4 Bb6 54. Re4 Rh5 55. Nb3 Kd6
56. Rg4 Kc6 57. Nc1 Rc5+ 58. Kb3 Rd5 59. Rg3 Bc7 60. Rf3 Rh5
61. Nd3 Bd6 62. Rf6 Kc7 63. Rf7+ Kb6 64. Rd7 Bc5 65. Rf7 Bd6
66. Nb2 Bc5 67. Nc4+ Kc6 68. Rf6+ Kc7 69. a5 Bg1 70. Ka4 Bc5
71. Nd2 Re5 72. Kb3 Be7 73. Rf7 Kc6 74. Nf3 Re4 75. Nd4+ Kc5
76. Rf5+ Kd6 77. Kc4 a6 78. Rh5 Bf6 79. Kd3 Rf4 80. Rh6 Kd7
81. Kc4 Kc7 82. Kc5 Be7+ 83. Kd5 Rf6 84. Rh7 Rd6+ 85. Ke5 Rd7
86. Ke6 Rd6+ 87. Ke5 Rd7 88. Ke4 Kc8 89. Rh6 Bd8 90. Rh5 Kb7
91. Kd3 Bc7 92. Kc4 Bd8 93. Ne6 Be7 94. Rh7 Kc8 95. Nf4 Rc7+
96. Kb3 Bd6 97. Rh8+ Kb7 98. Nd3 Be7 99. Rh6 Rc6 100. Rh7 Rc7
101. c4 Bd8 102. Rh5 Be7 103. Rd5 Kc8 104. Ne5 Rc5 105. Ng6
Rc7 106. Rf5 Rb7+ 107. Kc2 Bb4 108. Nf4 Rh7 109. Nd3 Be7
110. Kc3 Kb7 111. Rd5 Kc7 112. c5 Bf6+ 113. Kb3 Rh3 114. Ka4
Bc3 115. c6 Rh4+ 116. Kb3 Rd4 117. Rxd4 Bxd4 118. Kc4 Be3
1/2-1/2

[Event "7th Dubai Open Chess Championship"]
[Site "Dubai UAE"]
[Date "2005.04.06"]
[EventDate "2005.04.04"]
[Round "3"]
[Result "1/2-1/2"]
[White "Bu Xiangzhi"]
[Black "Wang Hao"]
[WhiteElo "2630"]
[BlackElo "2484"]
[PlyCount "24"]

1. Nf3 Nf6 2. c4 c6 3. d4 d5 4. e3 Bf5 5. Nc3 e6 6. Nh4 Bg6
7. Qb3 Qc7 8. Bd2 Nbd7 9. Rc1 Nb6 10. cxd5 exd5 11. Be2 Be7
12. O-O Ne4 1/2-1/2

[Event "7th Dubai Open"]
[Site "Dubai"]
[Date "2005.04.08"]
[EventDate "?"]
[Round "5"]
[Result "0-1"]
[White "Dragan Solak"]
[Black "Wang Hao"]
[WhiteElo "2582"]
[BlackElo "2484"]
[PlyCount "104"]

1. e4 e6 2. d4 d5 3. Nd2 c5 4. exd5 Qxd5 5. Ngf3 cxd4 6. Bc4
Qd6 7. Qe2 Nf6 8. Nb3 Nc6 9. Bg5 a6 10. O-O-O b5 11. Bd3 Be7
12. Nbxd4 Nxd4 13. Nxd4 Qd5 14. Bxf6 Bxf6 15. Kb1 Qc5 16. Be4
Ra7 17. Bc6+ Kf8 18. Qe3 Kg8 19. Rd2 Rc7 20. Rhd1 h5 21. Ba8
g6 22. Nf3 Qxe3 23. fxe3 g5 24. e4 g4 25. e5 Bg7 26. Be4 gxf3
27. Rd8+ Bf8 28. gxf3 f5 29. exf6 Kf7 30. a4 Kxf6 31. axb5
axb5 32. Re8 Kf7 33. Red8 Bg7 34. Rxh8 Bxh8 35. Rg1 Rc5 36. b4
Rc4 37. Rg5 Rxb4+ 38. Kc1 h4 39. Rg4 Bb2+ 40. Kd2 Rd4+ 41. Ke3
h3 42. Rg5 Bc1+ 43. Kxd4 Bxg5 44. Kc5 Bf4 45. Kxb5 Bxh2 46. f4
Bxf4 47. c4 Kf6 48. c5 Ke5 49. Ba8 Kd4 50. c6 e5 51. Bb7 Bxb7
52. cxb7 e4 0-1

[Event "7th Dubai Open"]
[Site "Dubai"]
[Date "2005.04.10"]
[EventDate "?"]
[Round "7.9"]
[Result "1/2-1/2"]
[White "Ni Hua"]
[Black "Wang Hao"]
[WhiteElo "2638"]
[BlackElo "2484"]
[PlyCount "98"]

1. d4 Nf6 2. c4 e6 3. Nc3 Bb4 4. a3 Bxc3+ 5. bxc3 c5 6. e3 O-O
7. Bd3 d5 8. cxd5 Qxd5 9. f3 cxd4 10. cxd4 b6 11. Ne2 Ba6
12. e4 Qb7 13. O-O Rc8 14. Bb2 Nbd7 15. Ng3 Rc7 16. d5 Bxd3
17. Qxd3 exd5 18. Nf5 Nc5 19. Qe3 Qc6 20. Nxg7 Kxg7 21. Qg5+
Kf8 22. Bxf6 Ne6 23. Qh6+ Kg8 24. Rac1 Qd6 25. e5 Qd7 26. f4
Rxc1 27. Rxc1 Rc8 28. f5 Rxc1+ 29. Qxc1 Qc7 30. Qd1 Qc5+
31. Kh1 Qd4 32. Qc1 Qc5 33. Qf1 Ng7 34. h3 Nh5 35. Bh4 Qe3
36. Qd1 Ng3+ 37. Bxg3 Qxg3 38. Qxd5 Qxa3 39. Qd8+ Qf8 40. Qg5+
Qg7 41. Qf4 b5 42. Qd4 h5 43. Qd8+ Kh7 44. Qe7 a6 45. h4 Kg8
46. Qe8+ Qf8 47. Qd7 Qc5 48. Qe8+ Qf8 49. Qc6 Qb4 1/2-1/2

[Event "7th Dubai Open"]
[Site "Dubai"]
[Date "2005.04.11"]
[EventDate "?"]
[Round "8"]
[Result "1-0"]
[White "Wang Hao"]
[Black "Alexander Riazantsev"]
[WhiteElo "2484"]
[BlackElo "2608"]
[PlyCount "103"]

1. e4 e6 2. d4 d5 3. Nc3 Nf6 4. Bg5 Be7 5. e5 Nfd7 6. Bxe7
Qxe7 7. f4 O-O 8. Nf3 c5 9. dxc5 Nc6 10. Qd2 Nxc5 11. O-O-O a6
12. Qe3 b5 13. f5 Qa7 14. Nd4 Nxd4 15. Rxd4 exf5 16. Nxd5 Ne6
17. Rd2 Qxe3 18. Nxe3 Nc5 19. Be2 Be6 20. Bf3 Ra7 21. Nd5 Re8
22. Re1 Kf8 23. Nb4 Rc7 24. b3 Rec8 25. Rd6 a5 26. Nc6 Nb7
27. Nd4 Nxd6 28. exd6 Rc5 29. Rxe6 fxe6 30. d7 Ke7 31. dxc8=Q
Rxc8 32. Kd2 g5 33. Nxb5 e5 34. Bd5 e4 35. c4 Kf6 36. Nd4 Re8
37. Nc6 f4 38. Nxa5 g4 39. Ke2 f3+ 40. Kf1 Ke5 41. Nb7 Ra8
42. a4 Rf8 43. Nc5 e3 44. gxf3 Kd4 45. Ne4 Kd3 46. f4 Rxf4+
47. Ke1 h5 48. a5 h4 49. Nc5+ Kc3 50. a6 Rf8 51. a7 Kb4
52. Ne6 1-0

[Event "Torch Real Estate Cup China Chess League"]
[Site "Jinan CHN"]
[Date "2005.04.24"]
[EventDate "2005.04.20"]
[Round "5"]
[Result "1/2-1/2"]
[White "Wang Hao"]
[Black "Chong Liang"]
[WhiteElo "2484"]
[BlackElo "2524"]
[PlyCount "54"]

1. e4 e5 2. Nf3 Nc6 3. Bb5 a6 4. Ba4 Nf6 5. O-O b5 6. Bb3 Bb7
7. c3 Nxe4 8. d4 Na5 9. Bc2 exd4 10. Nxd4 c5 11. Bxe4 Bxe4
12. Re1 d5 13. f3 cxd4 14. fxe4 Be7 15. Qg4 Qd7 16. Qxg7 O-O-O
17. Qxd4 dxe4 18. Be3 Qg4 19. Qa7 Rhg8 20. g3 Qf3 21. Nd2
Rxg3+ 22. hxg3 Qxg3+ 23. Kf1 Qh3+ 24. Ke2 Qh5+ 25. Kf1 Qf5+
26. Ke2 Qh5+ 27. Kf1 Qf5+ 1/2-1/2

[Event "Torch Real Estate Cup China Chess League"]
[Site "Jinan CHN"]
[Date "2005.04.25"]
[EventDate "2005.04.20"]
[Round "6"]
[Result "1-0"]
[White "Ye Jiangchuan"]
[Black "Wang Hao"]
[WhiteElo "2648"]
[BlackElo "2484"]
[PlyCount "73"]

1. e4 e6 2. d4 d5 3. Nd2 c5 4. exd5 Qxd5 5. Ngf3 cxd4 6. Bc4
Qd6 7. O-O Nf6 8. Nb3 Nc6 9. Nbxd4 Nxd4 10. Nxd4 a6 11. Bb3
Bd7 12. c3 Qc7 13. Bg5 Bd6 14. Bxf6 gxf6 15. Qh5 Qc5 16. Qf3
Qe5 17. g3 O-O-O 18. Rfe1 Qg5 19. Bc4 Qc5 20. Bf1 f5 21. b4
Qc7 22. b5 axb5 23. Bxb5 Bc5 24. Rab1 Bxb5 25. Rxb5 Bxd4
26. cxd4 Rxd4 27. Re3 Kb8 28. Rc3 Qe7 29. Rcb3 Rd1+ 30. Kg2
Rd5 31. Rxb7+ Qxb7 32. Rxb7+ Kxb7 33. Qb3+ Ka6 34. Qa3+ Ra5
35. Qd6+ Kb7 36. Qd7+ Ka8 37. Qc6+ 1-0

[Event "Torch Real Estate Cup China Chess League"]
[Site "Wuxi CHN"]
[Date "2005.05.10"]
[EventDate "2005.05.08"]
[Round "9"]
[Result "1/2-1/2"]
[White "Wang Hao"]
[Black "Merab Gagunashvili"]
[WhiteElo "2484"]
[BlackElo "2547"]
[PlyCount "40"]

1. d4 d5 2. c4 c6 3. Nc3 Nf6 4. e3 e6 5. Nf3 a6 6. b3 Bb4
7. Bd2 Nbd7 8. Qc2 Qe7 9. Bd3 e5 10. dxe5 Nxe5 11. Nxe5 Qxe5
12. O-O dxc4 13. bxc4 O-O 14. Ne4 Bxd2 15. Nxd2 Rd8 16. Nf3
Qh5 17. Rab1 Bh3 18. Ne1 Bc8 19. Nf3 Bh3 20. Ne1 Bc8 1/2-1/2

[Event "Torch Real Estate Cup China Chess League"]
[Site "Wuxi CHN"]
[Date "2005.05.14"]
[EventDate "2005.05.08"]
[Round "13"]
[Result "1-0"]
[White "Wang Hao"]
[Black "Wang Zili"]
[WhiteElo "2484"]
[BlackElo "2501"]
[PlyCount "35"]

1. e4 c5 2. Nf3 d6 3. d4 cxd4 4. Nxd4 Nf6 5. Nc3 Nc6 6. Bg5 e6
7. Qd2 Be7 8. O-O-O O-O 9. f4 Nxd4 10. Qxd4 Qa5 11. Kb1 Rd8
12. h4 h6 13. Be2 Qc5 14. Qd3 Kf8 15. Qg3 Nd7 16. e5 dxe5
17. fxe5 hxg5 18. hxg5 1-0

[Event "Torch Real Estate Cup China Chess League"]
[Site "Xiapu CHN"]
[Date "2005.06.21"]
[EventDate "2005.06.21"]
[Round "14"]
[Result "1/2-1/2"]
[White "Ni Hua"]
[Black "Wang Hao"]
[WhiteElo "2638"]
[BlackElo "2484"]
[PlyCount "46"]

1. e4 e6 2. d4 d5 3. e5 c5 4. c3 Qb6 5. Nf3 Nc6 6. a3 c4
7. Nbd2 Na5 8. Rb1 Bd7 9. Be2 Qc7 10. O-O Ne7 11. Re1 Nc8
12. Nf1 Nb6 13. Bg5 h6 14. Bh4 Ba4 15. Qd2 Kd7 16. Bd1 Re8
17. Bxa4+ Nxa4 18. Qc2 Nb6 19. N3d2 g5 20. Bg3 h5 21. h3 Be7
22. Ne3 Reg8 23. a4 Qc6 1/2-1/2

[Event "Torch Real Estate Cup China Chess League"]
[Site "Xiapu CHN"]
[Date "2005.06.23"]
[EventDate "2005.06.21"]
[Round "16"]
[Result "1/2-1/2"]
[White "Wang Hao"]
[Black "Zhong Zhang"]
[WhiteElo "2484"]
[BlackElo "2599"]
[PlyCount "52"]

1. e4 e5 2. Nf3 Nc6 3. Bb5 Nf6 4. d3 d6 5. O-O g6 6. d4 Bd7
7. dxe5 Nxe5 8. Nc3 Bg7 9. Bg5 Bxb5 10. Nxb5 Ned7 11. Re1 O-O
12. Qd2 Re8 13. Nc3 Nc5 14. Rad1 Qc8 15. Bxf6 Bxf6 16. Nd5 Bg7
17. Qf4 Ne6 18. Nf6+ Bxf6 19. Qxf6 Qd8 20. Qc3 Re7 21. g3 Rd7
22. Rd5 Qe7 23. e5 Rad8 24. Red1 dxe5 25. Qxe5 Rxd5 26. Rxd5
c6 1/2-1/2

[Event "Torch Real Estate Cup China Chess League"]
[Site "Xiapu CHN"]
[Date "2005.06.25"]
[EventDate "2005.06.21"]
[Round "18"]
[Result "1-0"]
[White "Wang Hao"]
[Black "Wang Yue"]
[WhiteElo "2484"]
[BlackElo "2576"]
[PlyCount "75"]

1. e4 c5 2. Nc3 Nc6 3. Nge2 e5 4. Nd5 Be7 5. Nec3 Nf6 6. Bc4
d6 7. d3 O-O 8. f4 exf4 9. Bxf4 Nxd5 10. Nxd5 Bh4+ 11. g3 Bf6
12. c3 Na5 13. Nxf6+ Qxf6 14. Bd5 Nc6 15. Qh5 Qe7 16. Bg5 Qe8
17. O-O Be6 18. Bxc6 Qxc6 19. Rf4 g6 20. Qh6 f5 21. Raf1 Qd7
22. g4 Rae8 23. gxf5 gxf5 24. R1f3 Qf7 25. exf5 Bd5 26. Rg3
Kh8 27. c4 Bc6 28. Qxd6 Qg7 29. Bh6 Re1+ 30. Kf2 Qxb2+
31. Kxe1 Re8+ 32. Qe6 Rxe6+ 33. fxe6 Qc1+ 34. Kf2 Qd2+ 35. Kg1
Qc1+ 36. Rf1 Qxh6 37. e7 Qxh2+ 38. Kxh2 1-0

[Event "2nd Sanjin Hotel Cup"]
[Site "Tiayuan CHN"]
[Date "2005.07.09"]
[EventDate "2005.07.09"]
[Round "1"]
[Result "0-1"]
[White "Zhao Xue"]
[Black "Wang Hao"]
[WhiteElo "2470"]
[BlackElo "2512"]
[PlyCount "62"]

1. d4 d5 2. c4 c6 3. Nc3 Nf6 4. e3 a6 5. Nf3 b5 6. c5 g6
7. Bd3 Bg7 8. O-O O-O 9. h3 a5 10. a3 Nbd7 11. Rb1 b4 12. axb4
axb4 13. Ne2 e5 14. dxe5 Ne4 15. Ned4 Qc7 16. Bd2 Ndxc5
17. Bxb4 Nxd3 18. Bxf8 Nexf2 19. Bd6 Nxd1 20. Bxc7 Nxe3
21. Ra1 Ba6 22. Rfb1 c5 23. Nc6 Nc2 24. Ra5 Bb7 25. Rxa8+ Bxa8
26. Nb8 Bh6 27. Ba5 d4 28. Nd7 c4 29. Bd2 Be3+ 30. Bxe3 dxe3
31. e6 fxe6 0-1

[Event "2nd Sanjin Hotel Cup"]
[Site "Tiayuan CHN"]
[Date "2005.07.10"]
[EventDate "2005.07.09"]
[Round "2"]
[Result "0-1"]
[White "Wang Hao"]
[Black "Luke McShane"]
[WhiteElo "2512"]
[BlackElo "2625"]
[PlyCount "134"]

1. e4 c5 2. Nf3 Nc6 3. d4 cxd4 4. Nxd4 Nf6 5. Nc3 e5 6. Ndb5
d6 7. Bg5 a6 8. Na3 b5 9. Nd5 Be7 10. Bxf6 Bxf6 11. c3 O-O
12. Nc2 Rb8 13. h4 Be6 14. Nce3 Be7 15. a4 Qd7 16. Bd3 Bd8
17. axb5 axb5 18. Ra6 Ne7 19. Bc2 Kh8 20. h5 h6 21. O-O Qb7
22. Nb4 Bc7 23. Qd3 Ra8 24. Rxa8 Rxa8 25. Rd1 Rb8 26. Nbd5 Bd8
27. Nf5 Nc8 28. Nb4 Qb6 29. Nxd6 Nxd6 30. Qxd6 Qxd6 31. Rxd6
Be7 32. Rc6 Bxb4 33. cxb4 Ra8 34. Rc5 Ra1+ 35. Kh2 Ra2 36. b3
Rb2 37. Rc3 Kg8 38. Kg3 Kf8 39. Kf3 Ke7 40. Ke3 Kd6 41. Kd2 g6
42. hxg6 fxg6 43. Kc1 Ra2 44. Rc5 Bd7 45. Kb1 Ra8 46. Bd3 Rb8
47. Kc1 h5 48. Kd2 Bc6 49. Ke3 g5 50. Rc1 h4 51. Rh1 Rh8
52. Be2 Ke7 53. Bg4 Rh6 54. Ra1 Rd6 55. Ra7+ Kf6 56. Rh7 Bxe4
57. Rh6+ Bg6 58. Rh8 Rd3+ 59. Ke2 Rxb3 60. Rb8 Rb2+ 61. Ke3
Rb3+ 62. Ke2 Rxb4 63. Rb6+ Kg7 64. Bd7 Rb2+ 65. Ke3 Rb3+
66. Ke2 Bd3+ 67. Kd2 Bc4 0-1

[Event "2nd Sanjin Hotel Cup"]
[Site "Tiayuan CHN"]
[Date "2005.07.12"]
[EventDate "2005.07.09"]
[Round "4"]
[Result "1-0"]
[White "Wang Yue"]
[Black "Wang Hao"]
[WhiteElo "2576"]
[BlackElo "2512"]
[PlyCount "73"]

1. Nf3 Nf6 2. c4 c6 3. d4 d5 4. e3 Bf5 5. Nc3 e6 6. Nh4 Bg6
7. Nxg6 hxg6 8. Bd2 Nbd7 9. g3 Be7 10. b3 dxc4 11. bxc4 e5
12. Rb1 Rb8 13. Bg2 O-O 14. O-O Qc7 15. Qa4 Nb6 16. Qb3 Rfd8
17. Ne2 Nbd7 18. Rfd1 exd4 19. exd4 c5 20. Qa3 b6 21. Bf4 Bd6
22. Bxd6 Qxd6 23. Nc3 Qe6 24. Nd5 Nxd5 25. Bxd5 Qf5 26. dxc5
bxc5 27. Rxb8 Rxb8 28. Qxa7 Rb2 29. Rf1 Nb6 30. Qb7 Qf6 31. a4
Rb4 32. a5 Nxd5 33. Qxd5 Ra4 34. Qxc5 Qf5 35. Qxf5 gxf5
36. Rc1 Rxa5 37. c5 1-0

[Event "2nd Sanjin Hotel Cup"]
[Site "Tiayuan CHN"]
[Date "2005.07.13"]
[EventDate "2005.07.09"]
[Round "5"]
[Result "0-1"]
[White "Wang Hao"]
[Black "Pentala Harikrishna"]
[WhiteElo "2512"]
[BlackElo "2645"]
[PlyCount "40"]

1. e4 e5 2. Nf3 Nc6 3. d4 exd4 4. Nxd4 Bc5 5. Be3 Qf6 6. Nb5
Bxe3 7. fxe3 Qh4+ 8. g3 Qd8 9. Qg4 g6 10. Qf4 d6 11. Bc4 Ne5
12. O-O Bh3 13. Bxf7+ Kd7 14. N1c3 g5 15. Qxe5 dxe5 16. Rad1+
Ke7 17. Nd5+ Kf8 18. Nbxc7 Kg7 19. g4 Bxg4 20. Nxa8 Nh6 0-1

[Event "2nd Sanjin Hotel Cup"]
[Site "Tiayuan CHN"]
[Date "2005.07.15"]
[EventDate "2005.07.09"]
[Round "7"]
[Result "1/2-1/2"]
[White "Wang Hao"]
[Black "Alexander Motylev"]
[WhiteElo "2512"]
[BlackElo "2675"]
[PlyCount "97"]

1. e4 e5 2. Nf3 Nc6 3. Bb5 a6 4. Ba4 Nf6 5. O-O Be7 6. Re1 b5
7. Bb3 O-O 8. c3 d5 9. exd5 Nxd5 10. Nxe5 Nxe5 11. Rxe5 c6
12. d3 Bd6 13. Re1 Qh4 14. g3 Qh3 15. Re4 Nf6 16. Rh4 Qf5
17. Nd2 g5 18. Rh6 Ng4 19. Ne4 Nxh6 20. Nxd6 Qg6 21. Ne4 Bf5
22. f3 g4 23. Be3 Rad8 24. Bd4 Rxd4 25. cxd4 Qg7 26. Nf2 gxf3
27. Qxf3 Qxd4 28. Re1 c5 29. Qd5 Qxd5 30. Bxd5 Rd8 31. Bb7 Rd6
32. Rc1 c4 33. dxc4 bxc4 34. Rxc4 Rb6 35. Bd5 Rxb2 36. Rc6 Ng4
37. Nxg4 Bxg4 38. Rxa6 Be6 39. Bxe6 fxe6 40. Ra7 e5 41. a4 Ra2
42. a5 h6 43. a6 e4 44. Kf1 e3 45. Ke1 Kh8 46. h4 h5 47. Re7
Rxa6 48. Re5 Rg6 49. Rxe3 1/2-1/2

[Event "2nd Sanjin Hotel Cup"]
[Site "Tiayuan CHN"]
[Date "2005.07.16"]
[EventDate "2005.07.09"]
[Round "8"]
[Result "1/2-1/2"]
[White "Bu Xiangzhi"]
[Black "Wang Hao"]
[WhiteElo "2632"]
[BlackElo "2512"]
[PlyCount "31"]

1. d4 d5 2. c4 c6 3. Nc3 Nf6 4. cxd5 cxd5 5. Bf4 Nc6 6. e3 a6
7. Rc1 Bg4 8. Be2 Bxe2 9. Ngxe2 e6 10. O-O Be7 11. Na4 Nd7
12. Qb3 Na5 13. Qc3 Nc6 14. Qb3 Na5 15. Qc3 Nc6 16. Qb3
1/2-1/2

[Event "2nd Sanjin Hotel Cup"]
[Site "Tiayuan CHN"]
[Date "2005.07.18"]
[EventDate "2005.07.09"]
[Round "9"]
[Result "0-1"]
[White "Wang Hao"]
[Black "Ni Hua"]
[WhiteElo "2512"]
[BlackElo "2629"]
[PlyCount "112"]

1. e4 c5 2. Nf3 Nc6 3. Bb5 Nf6 4. Bxc6 dxc6 5. d3 Bg4 6. h3
Bxf3 7. Qxf3 g6 8. Bd2 Nd7 9. Bc3 e5 10. Nd2 Bg7 11. Nc4 Qc7
12. a4 O-O 13. h4 h5 14. g4 b5 15. Ne3 Nf6 16. gxh5 Nxh5
17. Nf5 gxf5 18. Qxh5 b4 19. Bd2 f4 20. Rg1 f5 21. exf5 Rf6
22. b3 Raf8 23. O-O-O Rxf5 24. Qg4 R5f7 25. Rde1 Qd6 26. Re4
Qf6 27. Qh5 Re7 28. Rg6 Qf7 29. Qg4 Qe8 30. h5 Kh7 31. f3 Qd7
32. Qxd7 Rxd7 33. Rxc6 Rf5 34. Rxc5 Rxh5 35. Re1 Rh3 36. Rf1
Rb7 37. a5 Kg6 38. Kd1 Kf5 39. a6 Rd7 40. Rc6 Bf8 41. Be1 Rd6
42. Rc8 Bh6 43. Bxb4 Rxa6 44. Bc3 Bg7 45. Rc7 Bf6 46. Kc1 Rh2
47. Kb2 Re2 48. b4 Rd6 49. Kb3 a6 50. Rc5 Ke6 51. Re1 Re3
52. Rf1 Rb6 53. Rf2 Bh4 54. Rh2 Bf6 55. Rh6 Rd6 56. d4 exd4
0-1